000 00517nam a2200181Ia 4500
005 20250508150449.0
008 008 250505s9999 xx 000 0 eng d
037 _aBooks to be hide in OPAC
040 _aFEDL
_beng
_cFEDL
041 _aeng
_2eng
084 _a745.58, HOB/O
_qFEDL
100 _aHobbs Edward W
_9756754
245 0 _aPractical raffia work
260 _aLondon, UK
_bCassell and Company Limited
_c1932
300 _a145p.
942 _cHB
_h745.58, HOB/O
999 _c1323777
_d1323777